000 00731nam a2200241Ia 4500
005 20260430150712.0
008 008 250103s9999 xx 000 0 eng d
037 _aTheses
040 _aCRL
040 _beng
040 _ceng
041 _2eng
041 _aeng
084 _qCRL
100 _aLamoria Monika Au.; Milton Marilyn Daisy Gu.
_91238252
245 0 _aQuinoxaline, Pyridopyrazine and Benzimidazole derivatives: Synthesis, photophysical, thermal and chemosensing studies for potential material applications
260 _c2023
300 _a276p.
650 _aChemistry
700 _aUniversity of Delhi. Faculty of Science. Deptt. of Chemistry
_91236464
942 _cTH
999 _c1850423
_d1850423